000 00795 a2200253 4500
001 20033
003 TR-AnTOB
005 20240923141618.0
008 041102s1995 tu tur
020 _a975160611x
040 _aTR-AnTOB
_cTR-AnTOB
041 _atur
050 _aPL248.M477
_bM47 1995
090 _aPL248.M477 M47 1995
245 0 _aMesihi divanı /
_chaz. Mine Mengi.
264 1 _aAnkara :
_bAtatürk Kültür, Dil ve Tarih Yüksek Kurumu Atatürk Kültür Merkezi,
_c1995
300 _avi, 316 p. ;
_c24 cm.
490 0 _aAtatürk Kültür, Dil ve Tarih Yüksek Kurumu Atatürk Kültür Merkezi Yayını; Sayı 80.
_aDivanlar dizisi 1
600 0 0 _aMesihi,
_dactive 1518
_9109391
650 7 _aGazeller, Türkçe
_2etuturkob
_9117088
902 _a0005613
942 _cBK
_2lcc
999 _c20033
_d6721